Para leer el capitalismo /

Análisis de la situación, naturaleza y dinámica del capitalismo durante el último cuarto del siglo XX, con la finalizar de revisar las alternativas que ofrece el socialismo para resolver los problemas que conlleva el sistema de producción privada, tales como la inflación, la pobreza, la crisis y el...

Descripció completa

Guardat en:
Dades bibliogràfiques
Autor principal: Beaud, Michel (autor)
Altres autors: Bellon, Bertrand, François, Patrick, Amin, Samir (presentación) (presentación)
Format: Llibre
Idioma:espanyol
Publicat: México : Nueva Imagen, 1980, c1980
Col·lecció:(Trabajo Crítico Nueva Imagen)
Matèries:
Etiquetes: Afegir etiqueta
Sense etiquetes, Sigues el primer a etiquetar aquest registre!

MARC

LEADER 00000nam^a2200000^a^4500
001 000292425
005 20250521000000.0
009 20260310112109.925
020 |a 968-429-174-4 
037 |a Acervo ITESO - Biblioteca 
041 |a ESP 
082 |a 330. 122  |b BEA 
100 |a Beaud, Michel  |e (autor) 
245 1 0 |a Para leer el capitalismo /  |c M. Beaud, B. Bellon, P. François ; presen. por S. Amin ; tr. por Amelia Laterza, E. Molina. 
264 4 |a México :  |b Nueva Imagen,  |c 1980, c1980 
300 |a 170 p. 
336 |a texto  |b txt  |2 rdacontenido 
337 |a sin mediación  |b n  |2 rdamedio 
338 |a volumen  |b nc  |2 rdasoporte 
440 1 |a (Trabajo Crítico Nueva Imagen) 
500 |a Traducción de: Lire le capitalisme: sur le capitalisme mondial et sa crise 
520 |a Análisis de la situación, naturaleza y dinámica del capitalismo durante el último cuarto del siglo XX, con la finalizar de revisar las alternativas que ofrece el socialismo para resolver los problemas que conlleva el sistema de producción privada, tales como la inflación, la pobreza, la crisis y el desempleo, aun en naciones con economías estables y en crecimiento, donde son evidentes las grandes brechas entre ricos y pobres. 
649 |a XX 
650 |a Clases Sociales 
650 |a Lucha de Clases 
650 |a Pobreza 
650 |a Igualdad y Desigualdad 
650 |a Inflación 
650 |a Crisis Económica 
650 |a Distribución del Ingreso 
650 |a Indexación al Dólar 
650 |a Sistema Monetario 
650 |a Sistema Financiero 
650 |a Capitalismo -  |x Historia -  |x Tema Principal 
650 |a Capitalismo -  |x Teoría -  |x Tema Principal 
650 |a Socialismo 
650 |a Nuevo Orden Económico Internacional 
650 |a Economía Internacional 
700 |a Bellon, Bertrand 
700 |a François, Patrick 
700 |a Amin, Samir  |e (presentación) 
910 |a Fondo General 
920 |a Impresos - Libros 
930 |a Colección General 
905 |a 101 
901 |a 0500178605  |b IT1  |c ACC  |i 906699  |u 20250521 
902 |a https://opac.biblio.iteso.mx/vufind/Record/000292425